01009nam a2200253 u 450000100100000000500170001000800410002702000150006804000250008308200170010824501310012526000660025630000430032265000410036565000510040670000260045770000280048370000290051170000320054070000250057291000410059795201020063899900150074000000480820200929151516.0090727s2007 es abcd r 001 0 spa d a9972625362 aDO-SdBNPbspacBNPHU aR 036bC758d00aConsultor :bdiccionario enciclopédico /cdirección de la obra Tomás Ubach ; ilustración M. A. Castaño ... [et al.]. aBarcelona :bThema Equipo Editorial :bLexus Editores,c2007. a1016 p. :bil., mapa., retr. ;c24 cm. 4aDiccionarios enciclopédicos913957 4aEnciclopedias y diccionarios españoles963511 aUbach, Tomás9139581 aCastaño, M. A.9139591 aJavier, Natália9139601 aMartínez, Marián9139611 aSalas, Teresa913962 aValidado. Control de calidad MMOLINA 001052708MOaRbRcHDd2009-07-27iLF1l0oR 036 C758dp4808-10r2020-06-25w2020-06-25y2Z02 c4614d4614